000
00315 a2200145 4500
001
64160
040
_c
Anchieta - Pituba
100
_a
Martins, Luiz Rátis
240
1
0
_a
Contos e devaneios
_l
por
245
1
0
_a
Contos e devaneios
300
_a
171
362
0
_a
2014
650
4
_a
Ficção brasileira
942
_c
BK
999
_c
64160
_d
64160